The James Bond Novels (1 of 12): Casino Royale - Statistics

General Stats
  • This quiz has been taken 25 times
  • The average score is 6 of 15
Answer Stats
Hint Answer % Correct
Who is kidnapped by Le Chiffre and his men in order to lure Bond? Vesper Lynd
74%
In which year was the novel first published? 1953
65%
What name does he give to the resulting martini? The Vesper
65%
Le Chiffre is a member of which Soviet counter-intelligence agency? SMERSH
61%
When inventing his cocktail, Bond asks for which brand of gin? Gordon’s
52%
The letter Sha (Ш), carved into Bond’s skin, is from which alphabet? Cyrillic
43%
With which household item does Le Chiffre torture Bond for information? a carpet beater
30%
What is the nationality of the two men who attempt to kill Bond with a bomb? Bulgarian
30%
Vesper reflects that Bond looks like which American singer? Hoagy Carmichael
30%
What is the name of Bond’s French contact, from the Deuxième Bureau? René Mathis
30%
Which fictional town in northern France is the setting for the novel? Royale-les-Eaux
26%
What drug does Le Chiffre take through an inhaler? Benzedrine
22%
Vesper had been working as personal assistant to the head of which section? Section {S}
22%
Bond has recently killed a double agent from which country? Norway
9%
How much money is in the envelope Bond receives from Felix? thirty-two million francs
4%
No matching quizzes found
Score Distribution
Percent of People with Each Score
Percentile by Number Answered
Your Score History
You have not taken this quiz